| 000 -ლიდერი |
| ფიქსირებული სიგრძის საკონტროლო ველი |
01603nam a2200277Ia 4500 |
| 001 - საკონტროლო ნომერი |
| საკონტროლო ველი |
15498 |
| 003 - საკონტროლო ნომრის იდენტიფიკატორი |
| საკონტროლო ველი |
GE_BSU |
| 005 - ბოლო ოპერაციის თარიღი და დრო |
| საკონტროლო ველი |
20241126110805.0 |
| 008 - ფიქსირებული სიგრძის მონაცემთა ელემენტები - ზოგადი ინფორმაცია |
| ფიქსირებული სიგრძის საკონტროლო ველი |
181216s2014||||ge |||||||||||||| ||geo|| |
| 020 ## - წიგნის საერთაშორისო სტანდარტული ნომერი |
| International Standard Book Number |
9789941454905 |
| 040 ## - კატალოგიზაციის წყარო |
| Transcribing agency |
GE_BSU |
| 041 ## - ენის კოდი |
| Language code of text/sound track or separate title |
geo |
| 080 ## - უნივერსალური ათობითი კლასიფიკაციის ინდექსი |
| Universal Decimal Classification number |
821.133.1-31 ს-51 |
| 100 ## - მთავარი ჩანაწერი - პიროვნების სახელი |
| Personal name |
სიმონი, კლოდ |
| 9 (RLIN) |
23795 |
| 245 ## - ცნობა სათაურის შესახებ |
| Title |
ფლანდრიის გზა : |
| Remainder of title |
რომანი / |
| Statement of responsibility, etc |
კლოდ სიმონი ; ფრანგ. თარგმნეს ილია გასვიანმა და ანზორ აბჟანდაძემ ; გარეკანის დიზაინი ილია ხელაიასი. |
| 264 ## - წარმოების, გამოცემის, დისტრიბუციის და სხვა ცნობები |
| გამოცემის, წარმოების, დისტრიბუციის... ადგილი |
თბილისი : |
| გამოცემის, წარმოების, დისტრიბუციის... სახელწოდება |
ინტელექტი, |
| გამოცემის, წარმოების, დისტრიბუციის... თარიღი |
2014. |
| 300 ## - ფიზიკური აღწერა |
| Extent |
279 გვ. ; |
| Dimensions |
21 სმ. |
| 490 ## - სერიის ცნობა |
| Series statement |
ნობელის პრემიის ლაურეატები 1512-4568 |
| 500 ## - ზოგადი შენიშვნა |
| General note |
გამოიცა მერაბ მამარდაშვილის სახ. საგამომცემლო დახმარების პროგრამის ფარგლებში საქ. ფრანგული ინ-ტის ხელშეწყობით |
| 653 ## - INDEX TERM--UNCONTROLLED |
| Uncontrolled term |
რომანი |
| 653 ## - INDEX TERM--UNCONTROLLED |
| Uncontrolled term |
ფლანდრიის გზა |
| 700 ## - ADDED ENTRY--PERSONAL NAME |
| Personal name |
გასვიანი, ი. |
| Relator term |
მთარგმნელი |
| 9 (RLIN) |
23796 |
| 700 ## - ADDED ENTRY--PERSONAL NAME |
| Personal name |
აბჟანდაძე, ა. |
| Relator term |
მთარგმნელი |
| 9 (RLIN) |
23797 |
| 700 ## - ADDED ENTRY--PERSONAL NAME |
| Personal name |
ხელაია, ი. |
| Relator term |
გარეკანის დიზაინი |
| 9 (RLIN) |
7635 |
| 942 ## - ADDED ENTRY ELEMENTS (KOHA) |
| Koha item type |
წიგნი |
| Source of classification or shelving scheme |
|